| 000 | 01653nam a2200385 i 4500 | ||
|---|---|---|---|
| 003 | EG-GICUC | ||
| 005 | 20260121101157.0 | ||
| 008 | 251109b1971 ua ||||f |||| 00| 0 ara d | ||
| 040 |
_a EG-GICUC _c EG-GICUC _d EG-GICUC _erda _bara |
||
| 041 | _aara | ||
| 082 | 0 | 4 |
_221 _a345.01 _bح س . ت |
| 092 | 0 | 4 | _221 |
| 099 | _aLaw1 07 345.01 ح س . ت 1971 | ||
| 100 | 0 |
_aحسين كامل الأسيوطي _eمؤلف. |
|
| 245 |
_aتنمية القيادات الإدارية : _bالتأصيل العلمي-التجربة المصرية / _cإعداد حسين كامل الأسيوطي، محمد عبد المنعم خطاب. |
||
| 264 |
_aالقاهرة : _bجامعة الدول العربية-المنظمة العربية للعلوم الإدارية، مركز البحوث الإدارية، _c1971. |
||
| 300 |
_a148 صفحة ؛ _c24 سم. |
||
| 336 |
_2rda content _atext |
||
| 337 |
_2rda media _aComputer |
||
| 338 |
_2rda carrier _aOnline Resource |
||
| 490 | _v91 | ||
| 500 | _aيشتمل على قائمة بالمصطلحات | ||
| 504 | _aببليوجرافيا : صفحات 141-142 | ||
| 504 | _aيشتمل على إرجاعات ببليوجرافية | ||
| 546 | _aالنص باللغة العربية | ||
| 650 | 1 |
_2qrmak _aالقانون الإداري |
|
| 650 | 1 |
_2qrmak _aالقيادة الإدارية |
|
| 650 | 1 |
_2qrmak _aالإدارة _xأساليب القيادة |
|
| 651 | 1 |
_2qrmak _aمصر |
|
| 700 |
_aمحمد عبد المنعم خطاب _eمؤلف مشارك. |
||
| 830 | _0 | ||
| 856 | 4 | 0 | _uhttps://fll.law.cu.edu.eg/fulltext/bks/B07-00133.pdf |
| 905 | _aWesam Mahmoud | ||
| 942 |
_2ddc _n0 _cBK _e21 |
||
| 999 |
_c41775 _d41775 |
||